Eastern Utah Libraries Catalog: Duchesne, Heber, Roosevelt, & Vernal

Watchmen (Record no. 234001)

MARC details
000 -LEADER
fixed length control field 04845cgm a2200901Ia 4500
001 - CONTROL NUMBER
control field 700223496
003 - CONTROL NUMBER IDENTIFIER
control field OCoLC
005 - DATE AND TIME OF LATEST TRANSACTION
control field 20210823152113.0
007 - PHYSICAL DESCRIPTION FIXED FIELD--GENERAL INFORMATION
fixed length control field vd cvaizq
008 - FIXED-LENGTH DATA ELEMENTS--GENERAL INFORMATION
fixed length control field 110203t20092009cau186 vleng d
024 1# - OTHER STANDARD IDENTIFIER
Standard number or code 883929078264
024 1# - OTHER STANDARD IDENTIFIER
Standard number or code 883929057795
028 42 - PUBLISHER NUMBER
Publisher number 1000101419
Source Warner Home Video
028 42 - PUBLISHER NUMBER
Publisher number 3000023598
Source Warner Home Video
035 ## - SYSTEM CONTROL NUMBER
System control number (OCoLC)700223496
040 ## - CATALOGING SOURCE
Original cataloging agency SLV
Language of cataloging eng
Transcribing agency SLV
Modifying agency OCLCA
-- OCLCQ
-- COW
Description conventions rda
041 1# - LANGUAGE CODE
Language code of text/sound track or separate title eng
-- fre
Language code of original and/or intermediate translations of text eng
043 ## - GEOGRAPHIC AREA CODE
Geographic area code n-us---
050 14 - LIBRARY OF CONGRESS CALL NUMBER
Classification number PN1997.2
Item number .W38 2009
082 04 - DEWEY DECIMAL CLASSIFICATION NUMBER
Classification number 791.43/72
Edition number 22
092 ## - LOCALLY ASSIGNED DEWEY CALL NUMBER (OCLC)
Classification number dvd
130 0# - MAIN ENTRY--UNIFORM TITLE
Uniform title Watchmen (Motion picture).
Language of a work French & English.
9 (RLIN) 5747484
245 10 - TITLE STATEMENT
Title Watchmen
Medium [videorecording] /
Statement of responsibility, etc Warner Bros. Pictures and Paramount Pictures present in association with Legendary Pictures, a Lawrence Gordon/Lloyd Levin production, a Zack Synder film ; producers, Lawrence Gordon, Lloyd Levin, Deborah Snyder ; screenplay by David Hayter and Alex Tse ; directed by Zack Snyder.
250 ## - EDITION STATEMENT
Edition statement Director's cut ; special ed. ; widescreen.
264 #1 - Production, Publication, Distribution, Manufacture, and Copyright Notice.
Place of production, publication, distribution, manufacture Burbank, CA :
Name of producer, publisher, distributor, manufacturer Warner Home Video,
Date of production, publication, distribution, manufacture, or copyr [2009]
264 #4 - Production, Publication, Distribution, Manufacture, and Copyright Notice.
Date of production, publication, distribution, manufacture, or copyr ©2009.
300 ## - PHYSICAL DESCRIPTION
Extent 2 videodiscs (186 min.) :
Other physical details sound, color ;
Dimensions 4 3/4 in.
336 ## - Content Type
Content type term two-dimensional moving image
337 ## - Media type
Media type term video
338 ## - Carrier type
Carrier type term videodisc
370 ## - ASSOCIATED PLACE
Associated country United States
Source of term naf
Uniform Resource Identifier http://id.loc.gov/authorities/names/n78095330.
500 ## - GENERAL NOTE
General note Based on the graphic novel co-created by Dave Gibbons and published by DC Comics.
500 ## - GENERAL NOTE
General note DVD release of the 2009 motion picture.
500 ## - GENERAL NOTE
General note Special features: twenty-five minutes of additional footage; "The phenomenon: the comic that changed comics" featurette; "Watchmen:" video journals (ca. 30 min.); music video "Desolation row," by My Chemical Romance; eleven Watchmen making-of webisodes.
508 ## - CREATION/PRODUCTION CREDITS NOTE
Creation/production credits note Director of photography, Larry Fong ; editor, William Hoy ; music, Tyler Bates.
511 1# - PARTICIPANT OR PERFORMER NOTE
Participant or performer note Billy Crudup, Matthew Goode, Carla Gugino, Jackie Earle Haley, Jeffrey Dean Morgan, Patrick Wilson.
520 ## - SUMMARY, ETC.
Summary, etc In the United States, costumed superheroes are part of the fabric of everyday society. But when one of his former colleagues is murdered, the washed-up, but no less determined, masked vigilante Rorschach sets out to uncover the plot to kill and discredit all past and present superheroes. As he reconnects with his former crime-fighting legion, a ragtag group of retired superheroes, only one of whom has true powers, Rorschach glimpses a wide-ranging and disturbing conspiracy with links to their shared past and catastrophic consequences for the future.
521 8# - TARGET AUDIENCE NOTE
Target audience note MPAA rating: R; for strong graphic violence, sexuality, nudity and language.
538 ## - SYSTEM DETAILS NOTE
System details note DVD, NTSC ; widescreen presentation ; Dolby digital 5.1 surround.
540 ## - TERMS GOVERNING USE AND REPRODUCTION NOTE
Terms governing use and reproduction This DVD disc is copy protected.
546 ## - LANGUAGE NOTE
Language note In English or dubbed French, with optional subtitles in English for the hearing impaired, French or Spanish; closed-captioned.
600 10 - SUBJECT ADDED ENTRY--PERSONAL NAME
Personal name Gibbons, Dave,
Dates associated with a name 1949-
Form subdivision Film adaptations.
9 (RLIN) 5747485
650 #0 - SUBJECT ADDED ENTRY--TOPICAL TERM
Topical term or geographic name as entry element Superheroes
Geographic subdivision United States
Form subdivision Drama.
9 (RLIN) 5747486
650 #0 - SUBJECT ADDED ENTRY--TOPICAL TERM
Topical term or geographic name as entry element Murder
General subdivision Investigation
Geographic subdivision United States
Form subdivision Drama.
9 (RLIN) 5747487
650 #0 - SUBJECT ADDED ENTRY--TOPICAL TERM
Topical term or geographic name as entry element Vigilantes
Geographic subdivision United States
Form subdivision Drama.
9 (RLIN) 5719789
650 #0 - SUBJECT ADDED ENTRY--TOPICAL TERM
Topical term or geographic name as entry element Conspiracy
Form subdivision Drama.
9 (RLIN) 5732406
650 #0 - SUBJECT ADDED ENTRY--TOPICAL TERM
Topical term or geographic name as entry element Criminal behavior
Form subdivision Drama.
9 (RLIN) 5678593
655 #7 - INDEX TERM--GENRE/FORM
Genre/form data or focus term Feature films.
Source of term lcgft
9 (RLIN) 102699
655 #7 - INDEX TERM--GENRE/FORM
Genre/form data or focus term Superhero films.
Source of term lcgft
9 (RLIN) 102758
655 #7 - INDEX TERM--GENRE/FORM
Genre/form data or focus term Fantasy films.
Source of term lcgft
9 (RLIN) 102694
655 #7 - INDEX TERM--GENRE/FORM
Genre/form data or focus term Action and adventure films.
Source of term lcgft
9 (RLIN) 5674017
655 #7 - INDEX TERM--GENRE/FORM
Genre/form data or focus term Film adaptations.
Source of term lcgft
9 (RLIN) 5747488
655 #7 - INDEX TERM--GENRE/FORM
Genre/form data or focus term Fiction films.
Source of term lcgft
9 (RLIN) 5674705
655 #7 - INDEX TERM--GENRE/FORM
Genre/form data or focus term Video recordings for the hearing impaired.
Source of term lcgft
9 (RLIN) 5747489
655 #7 - INDEX TERM--GENRE/FORM
Genre/form data or focus term Drama.
Source of term lcgft
9 (RLIN) 5673873
655 #7 - INDEX TERM--GENRE/FORM
Genre/form data or focus term Adaptations.
Source of term lcgft
9 (RLIN) 5697545
700 1# - ADDED ENTRY--PERSONAL NAME
Personal name Snyder, Zack,
Dates associated with a name 1966-
Relator term director.
9 (RLIN) 74551
700 1# - ADDED ENTRY--PERSONAL NAME
Personal name Gordon, Lawrence,
Dates associated with a name 1936-
Relator term producer.
9 (RLIN) 5727001
700 1# - ADDED ENTRY--PERSONAL NAME
Personal name Levin, Lloyd,
Relator term producer.
9 (RLIN) 58307
700 1# - ADDED ENTRY--PERSONAL NAME
Personal name Snyder, Deborah,
Relator term producer.
9 (RLIN) 6195047
700 1# - ADDED ENTRY--PERSONAL NAME
Personal name Hayter, David,
Relator term screenwriter.
9 (RLIN) 57631
700 1# - ADDED ENTRY--PERSONAL NAME
Personal name Tse, Alex,
Relator term screenwriter.
9 (RLIN) 6195048
700 1# - ADDED ENTRY--PERSONAL NAME
Personal name Crudup, Billy,
Dates associated with a name 1968-
Relator term actor.
9 (RLIN) 59057
700 1# - ADDED ENTRY--PERSONAL NAME
Personal name Goode, Matthew,
Dates associated with a name 1978-
Relator term actor.
9 (RLIN) 70529
700 1# - ADDED ENTRY--PERSONAL NAME
Personal name Gugino, Carla,
Dates associated with a name 1971-
Relator term actor.
9 (RLIN) 76784
700 1# - ADDED ENTRY--PERSONAL NAME
Personal name Haley, Jackie Earle,
Dates associated with a name 1961-
Relator term actor.
9 (RLIN) 63402
700 1# - ADDED ENTRY--PERSONAL NAME
Personal name Morgan, Jeffrey Dean,
Dates associated with a name 1966-
Relator term actor.
9 (RLIN) 5965399
700 1# - ADDED ENTRY--PERSONAL NAME
Personal name Wilson, Patrick,
Dates associated with a name 1973-
Relator term actor.
9 (RLIN) 69599
700 1# - ADDED ENTRY--PERSONAL NAME
Personal name Bates, Tyler,
Relator term composer.
9 (RLIN) 73112
700 1# - ADDED ENTRY--PERSONAL NAME
Personal name Gibbons, Dave,
Dates associated with a name 1949-
Title of a work Watchmen.
9 (RLIN) 5747493
710 2# - ADDED ENTRY--CORPORATE NAME
Corporate name or jurisdiction name as entry element Warner Bros. Pictures (1969- )
9 (RLIN) 68691
710 2# - ADDED ENTRY--CORPORATE NAME
Corporate name or jurisdiction name as entry element Paramount Pictures Corporation.
9 (RLIN) 7712
710 2# - ADDED ENTRY--CORPORATE NAME
Corporate name or jurisdiction name as entry element Legendary Pictures.
9 (RLIN) 74356
710 2# - ADDED ENTRY--CORPORATE NAME
Corporate name or jurisdiction name as entry element DC Comics, Inc.
9 (RLIN) 4794
710 2# - ADDED ENTRY--CORPORATE NAME
Corporate name or jurisdiction name as entry element Warner Home Video (Firm)
9 (RLIN) 61103
907 ## - LOCAL DATA ELEMENT G, LDG (RLIN)
a .b287793047
942 ## - ADDED ENTRY ELEMENTS (KOHA)
Source of classification or shelving scheme Dewey Decimal Classification
Koha item type DVD
Holdings
Withdrawn status Lost status Source of classification or shelving scheme Damaged status Not for loan Collection code Home library Current library Shelving location Date acquired Source of acquisition Total Checkouts Total Renewals Full call number Barcode Date last seen Date checked out Cost, replacement price Price effective from Koha item type
    Dewey Decimal Classification     Movies Wasatch County Library Wasatch County Library Audio Visual Area 05/18/2021 Donation 6 3 DVD Wat 34301001814740 11/08/2025 11/07/2025 9.99 05/18/2021 DVD
This project was made possible through a grant from the Institute of Museum and Library Service administered by the Utah State Library Division.

Wasatch County Library

  • 465 East 1200 South, Heber City, Utah 84032
  • Phone 435-654-1511 | Fax 435-654-6456

Hours

  • Monday - Friday 9:30 AM - 8:00 PM
  • Saturday 9:30 AM - 1:30 PM
  • Closed Sundays and Holidays